NFL Defensive Startes 2024 - Statistics

General Stats
  • This quiz has been taken 249 times
  • The average score is 55 of 124
Answer Stats
Position Answer % Correct
S Harrison Smith
83%
LB Roquan Smith
83%
DL Chris Jones
82%
DL Joey Bosa
80%
DL Nick Bosa
79%
DL TJ Watt
76%
DL Micah Parsons
74%
DL Leonard Williams
73%
DL Quinnen Williams
73%
DL Aidan Hutchinson
72%
CB Jalen Ramsey
72%
CB Sauce Gardner
72%
CB Charvarius Ward
71%
CB Denzel Ward
71%
LB Fred Warner
71%
S Jimmie Ward
71%
S Quandre Diggs
70%
CB Trevon Diggs
70%
DL Trey Hendrickson
70%
S Budda Baker
69%
DL Dexter Lawrence
69%
S Kyle Hamilton
69%
DL Maxx Crosby
69%
CB Pat Surtain II
69%
CB Jaire Alexander
68%
CB Jaylon Johnson
68%
S Minkah Fitzpatrick
68%
DL Myles Garrett
68%
CB Darius Slay Jr.
66%
LB Demario Davis
64%
S Derwin James
63%
DL Jalen Carter
63%
S Jessie Bates III
63%
CB Marlon Humphrey
63%
CB Marshon Lattimore
62%
LB Josh Allen
61%
LB Khalil Mack
61%
LB Bobby Wagner
60%
DL Jeffery Simmons
60%
DL Jonathan Allen
60%
DL Vita Vea
60%
CB Trent McDuffie
59%
DL Zach Allen
59%
CB Derek Stingley Jr.
55%
DL Keion White
55%
LB Kyzir White
55%
S Antoine Winfield Jr.
54%
DL Cameron Jordan
54%
CB AJ Terrell
53%
S Tyrann Mathieu
53%
DL Deforest Buckner
52%
LB Lavonte David
51%
DL Montez Sweat
51%
LB Nick Bolton
50%
DL Danielle Hunter
49%
DL Derrick Brown
48%
CB Jaycee Horn
48%
LB Will Anderson Jr.
47%
S Xavier McKinney
47%
CB Joey Porter Jr.
46%
CB Christian Gonzalez
45%
CB Tariq Woolen
45%
LB Brian Burns
44%
S Jordan Poyer
44%
DL Ed Oliver
43%
S Justin Reid
43%
LB Matthew Judon
43%
LB Quay Walker
43%
S Brian Branch
42%
DL Calais Campbell
41%
LB Patrick Queen
41%
S Reed Blankenship
41%
S Talanoa Hufanga
41%
CB L’Jarius Sneed
39%
LB Logan Wilson
38%
DL Kenny Clark
37%
CB Terrion Arnold
37%
LB Alex Anzalone
36%
S Chuck Clark
36%
LB CJ Mosley
36%
DL Grady Jarrett
35%
CB Stephon Gilmore
35%
CB Jamel Dean
34%
CB Asante Samuel Jr.
32%
LB Tremaine Edmunds
32%
S Kevin Byard III
31%
DL Harrison Phillips
28%
LB Jaelen Phillips
28%
DL Nnamdi Madubuike
28%
S Taylor Rapp
25%
LB Eric Kendricks
25%
S Jabrill Peppers
24%
CB Kenny Moore II
24%
S Malik Hooker
24%
LB Jonathan Greenard
23%
CB Rasul Douglas
23%
CB Deonte Banks
22%
S Jeremy Chinn
22%
LB Zaire Franklin
22%
S Grant Delpit
21%
S Julian Love
21%
LB Brandon Graham
20%
S Vonn Bell
20%
LB Shaq Thompson
19%
DL Zaven Collins
19%
CB Benjamin St.Juste
18%
CB Mike Hilton
18%
DL Arik Armstead
17%
LB Jeremiah Owusu-Koramoah
17%
LB Robert Spillane
16%
CB Sean Murphy Bunting
16%
LB Alex Singleton
15%
CB Nate Hobbs
15%
S Darnell Savage
11%
S Julian Blackmon
10%
S Xavier Woods
10%
LB Jahlani Tavai
7%
LB Kenneth Murray Jr.
7%
S Jason Pinnock
6%
S Riley Moss
6%
LB Boye Mafe
5%
S Marcus Epps
4%
CB Ronald Darby
3%
LB Nicholas Morrow
1%
No matching quizzes found
Score Distribution
Percent of People with Each Score
Percentile by Number Answered
Your Score History
You have not taken this quiz